| 000 | 01747nam a22003735a 4500 | ||
|---|---|---|---|
| 999 |
_c26063 _d26035 |
||
| 003 | EG-ScBUE | ||
| 005 | 20190211155720.0 | ||
| 008 | 180201s2012 ua frb 000 0 ara d | ||
| 017 | _a2004 / 11432 (مج. 5) | ||
| 017 | _a2004 / 16993 (مج. 6) | ||
| 020 | _a9770313130 (مج. 5) | ||
| 020 | _a9770313548 (مج. 6) | ||
| 040 |
_aEG-ScBUE _bara _cEG-ScBUE _dEG-ScBUE |
||
| 043 | _af-ua--- | ||
| 082 | 0 | 4 |
_a346.6202 _bم ر س _222 |
| 100 | 1 | _aمرسي، محمد كامل. | |
| 245 | 1 | 0 |
_aشرح القانون المدني الجديد : _bالعقود المسماة / _cمحمد كامل مرسي، معتز كامل مرسي، محمد علي سكيكر. |
| 260 |
_aالقاهرة : _bنادي القضاة، _c2012. |
||
| 300 |
_aمج. 5 ؛ _c24 سم. |
||
| 500 | _aتنقيح لمواكبة أحدث ما توصلت إليه التشريعات وآراء الفقهاء وأحكام المحكمة العليا. | ||
| 504 | _aيشتمل على إرجاعات ببليوجرافية. | ||
| 505 | 2 | _aمج. 5. عقد الإيجار -- مج. 6. عقد البيع و عقد المقايضة. | |
| 541 |
_aدكتور أحمد حمد ؛ _cإهداء ؛ |
||
| 650 | 7 |
_aعقود الإيجار _xقوانين وتشريعات _zمصر. _2BUEsh |
|
| 650 | 7 |
_aعقود البيع _xقوانين وتشريعات _zمصر. _2BUEsh _940965 |
|
| 650 | 7 |
_aالمقايضة _xقوانين وتشريعات _zمصر. _2BUEsh _941055 |
|
| 650 | 7 |
_aالعقود (قانون مدنى) _zمصر. _2BUEsh _940832 |
|
| 650 | 7 |
_aالقانون المدني _zمصر. _2BUEsh |
|
| 651 | _2BUEsh | ||
| 653 |
_bLLAAWW _cFebruary2018 _cFebruary2019 |
||
| 700 | 1 | _aمرسي، معتز كامل. | |
| 700 | 1 | _aسكيكر، محمد علي. | |
| 942 | _2ddc | ||